Normal view MARC view
  • Sydes J. & Cross B

Entry Personal Name

Number of records used in: 1

001 - CONTROL NUMBER

  • control field: 199020

003 - CONTROL NUMBER IDENTIFIER

  • control field: OSt

005 - DATE AND TIME OF LATEST TRANSACTION

  • control field: 20230714215544.0

008 - FIXED-LENGTH DATA ELEMENTS

  • fixed length control field: 230714|| aca||aabn | a|a d

040 ## - CATALOGING SOURCE

  • Original cataloging agency: OSt
  • Transcribing agency: OSt

100 ## - HEADING--PERSONAL NAME

  • Personal name: Sydes J. & Cross B

670 ## - SOURCE DATA FOUND

  • Source citation: Work cat.: (OSt)217759: Sydes J. 199019, Tech Talk Elementary : Workbook, 2014